000 01149cam a2200361 4500
999 _c80260
_d80260
001 070703159
003 DE-627
005 20201202120400.0
007 tu
008 010315s1926 xx ||||| 00| ||ger c
035 _a(DE-627)070703159
035 _a(DE-599)GBV070703159
035 _a(OCoLC)192139025
040 _aDE-627
_bger
_cDE-627
_erakwb
_dSTAFF
041 _ager
044 _cXA-DXDE
084 _a20.70
_2bkl
084 _a21.60
_2bkl
245 1 0 _aBaukunst und dekorative Plastik der Frührenaissance in Italien /
_chrsg. von Iulius Baum
250 _a2., verm. Aufl
264 1 _aStuttgart
_bHoffmann
_c1926
300 _aXXXI, 334 S
_büberw. Ill., graph. Darst
_c30 cm
336 _aText
_btxt
_2rdacontent
337 _aohne Hilfsmittel zu benutzen
_bn
_2rdamedia
338 _aBand
_bnc
_2rdacarrier
490 1 _aBauformen-Bibliothek
_v11
951 _aBO
700 1 _aBaum, Julius
_d1882-1959
_0(DE-588)118657623
_0(DE-627)079442692
_0(DE-576)160199131
_4oth
830 0 _aBauformen-Bibliothek
_v11
_91102
_w(DE-627)130231495
_w(DE-576)005245168
_w(DE-600)541390-4
936 b k _a20.70
936 b k _a21.60
942 _2z
_cB